Cyclopedia of english literature: a selection of the choicest productions of english authors, from the earliest to the present time, connected by a critical and biographical history

Guardat en:
Dades bibliogràfiques
Autor principal: Chambers, Robert (Autor)
Format: Llibre
Idioma:anglès
Publicat: Boston Gould and Lincoln 1853
Matèries:
Etiquetes: Afegir etiqueta
Sense etiquetes, Sigues el primer a etiquetar aquest registre!

MARC

LEADER 00000nam a2200000 a 4500
001 UCR7562
003 CL-VaPUC
008 980519e18530000US |||||||||||||||||eng|d
082 0 4 |a 820  |b CHA  |2 21 
100 0 |a Chambers, Robert  |e author  |9 408858 
245 1 0 |a Cyclopedia of english literature: a selection of the choicest productions of english authors, from the earliest to the present time, connected by a critical and biographical history 
300 |a 2 v 
942 |c BK 
945 |d 19980519 00:00:00  |a crobeson 
260 |a Boston  |b Gould and Lincoln  |c 1853 
650 0 |a Literatura inglesa  |9 312907 
650 0 |a Enciclopedias  |9 264135 
650 7 |a LITERATOS INGLESES  |2 CL-VaPUC  |9 408859 
650 0 |a Biografías  |9 255210 
583 |a last modification  |c 19980519 00:00:00  |k Rodrigo Vera 
999 |c 269154  |d 269152 
952 |0 0  |1 0  |4 0  |6 820_000000000000000_CHA_1853  |7 0  |8 X  |9 302820  |a BIBEDU  |b BIBEDU  |d 2019-11-20  |h v.1  |i 1995081  |o 820 CHA 1853  |p 1995081  |r 2023-01-13  |w 2019-11-20  |y BK_X  |k LIT 
952 |0 0  |1 0  |4 0  |6 820_000000000000000_CHA_1853  |7 0  |8 X  |9 302821  |a BIBEDU  |b BIBEDU  |d 2019-11-20  |h v.2  |i 199509K  |o 820 CHA 1853  |p 199509K  |r 2023-01-13  |w 2019-11-20  |y BK_X  |k LIT